Cơ sở toán học hiện đại của kiến thức môn toán phổ thông /

সংরক্ষণ করুন:
গ্রন্থ-পঞ্জীর বিবরন
প্রধান লেখক: Chu Trọng Thanh, TS.
অন্যান্য লেখক: Trần Trung, TS.
বিন্যাস: Sách giấy
ভাষা:Vietnamese
প্রকাশিত: H. : Giáo dục Việt Nam, 2011.
বিষয়গুলি:
ট্যাগগুলো: ট্যাগ যুক্ত করুন
কোনো ট্যাগ নেই, প্রথমজন হিসাবে ট্যাগ করুন!
Thư viện lưu trữ: Thư viện Trường Đại học Đà Lạt
LEADER 01283nam a2200325 4500
001 DLU110122802
005 ##20110720
040 # # |a DLU  |b vie 
041 # # |a vie 
044 # # |a vn 
082 # # |a 510  |b CH-T 
100 # # |a Chu Trọng Thanh,  |c TS. 
245 # # |a Cơ sở toán học hiện đại của kiến thức môn toán phổ thông /  |c Chu Trọng Thanh, Trần Trung. 
260 # # |a H. :  |b Giáo dục Việt Nam,  |c 2011. 
300 # # |a 199 tr. ;  |c 24 cm. 
504 # # |a Tài liệu tham khảo: tr.199. 
505 # # |a Chương 1. Lí thuyết tập hợp, ánh xạ, quan hệ và kiến thức môn toán phổ thông -- Chương 2. Lôgic toán và cơ sở lôgic của kiến thức môn toán phổ thông -- Chương 3. Cơ sở cấu trúc đại số của kiến thức môn toán phổ thông -- Chương 4. Không gian tôpô, không gian mêtric và kiến thức môn toán phổ thông -- Chương 5. Biến hình và kiến thực hình học phổ thông. 
650 # # |a Toán học. 
700 # # |a Trần Trung,  |c TS. 
923 # # |a 09/2011 
991 # # |a GT 
992 # # |a 36000 
994 # # |a DLU 
900 # # |a True 
911 # # |a Đào Thị Thu Huyền 
925 # # |a G 
926 # # |a A 
927 # # |a SH 
980 # # |a Thư viện Trường Đại học Đà Lạt